MARC details
| 000 -CABECERA |
| campo de control de longitud fija |
01748nam a2200337 i 4500 |
| 003 - IDENTIFICADOR DEL NÚMERO DE CONTROL |
| campo de control |
DO-SdBNP |
| 005 - FECHA Y HORA DE LA ÚLTIMA TRANSACCIÓN |
| campo de control |
20250607073644.0 |
| 007 - CAMPO FIJO DE DESCRIPCIÓN FÍSICA--INFORMACIÓN GENERAL |
| campo de control de longitud fija |
ta |
| 008 - DATOS DE LONGITUD FIJA--INFORMACIÓN GENERAL |
| campo de control de longitud fija |
210521e2007 dr ad||grl|||s00| 0 spa d |
| 020 ## - NÚMERO INTERNACIONAL ESTÁNDAR DEL LIBRO |
| Número Internacional Estándar del Libro |
9954360508 |
| 040 ## - FUENTE DE LA CATALOGACIÓN |
| Centro catalogador/agencia de origen |
DO-SdBNP |
| Lengua de catalogación |
spa |
| Centro/agencia transcriptor |
BNPHU |
| Normas de descripción |
rda |
| 041 ## - CÓDIGO DE LENGUA |
| Código de lengua original |
spa |
| 082 #4 - NÚMERO DE LA CLASIFICACIÓN DECIMAL DEWEY |
| Número de clasificación |
362.8292 |
| Número de documento/Ítem |
R426n |
| Número de edición |
22 |
| 110 1# - ENTRADA PRINCIPAL--NOMBRE DE ENTIDAD CORPORATIVA |
| Nombre de entidad corporativa o nombre de jurisdicción como elemento de entrada |
República Dominicana. |
| Unidad subordinada |
Secretaria de Estado de Salud Pública y Asistencia Social (2001) |
| 9 (RLIN) |
56549 |
| 245 10 - MENCIÓN DE TÍTULO |
| Título |
Normas nacionales para la atención integral en salud de la violencia intrafamiliar y violencia contra la mujer |
| 250 ## - MENCIÓN DE EDICIÓN |
| Mención de edición |
2a.ed. |
| 264 ## - PRODUCCIÓN, PUBLICACIÓN, DISTRIBUCIÓN, FABRICACIÓN Y COPYRIGHT |
| Producción, publicación, distribución, fabricación y copyright |
Santo Domingo : |
| Nombre del de productor, editor, distribuidor, fabricante |
SESPAS, |
| Fecha de producción, publicación, distribución, fabricación o copyright |
2007. |
| 300 ## - DESCRIPCIÓN FÍSICA |
| Extensión |
133 páginas : |
| Otras características físicas |
ilustraciones ; |
| Dimensiones |
21 cm. |
| 336 ## - TIPO DE CONTENIDO |
| Fuente |
rdacontent |
| Término de tipo de contenido |
texto |
| Código de tipo de contenido |
txt |
| 337 ## - TIPO DE MEDIO |
| Fuente |
rdamedia |
| Nombre/término del tipo de medio |
sin mediación |
| Código del tipo de medio |
n |
| 338 ## - TIPO DE SOPORTE |
| Fuente |
rdacarrier |
| Nombre/término del tipo de soporte |
volumen |
| Código del tipo de soporte |
nc |
| 490 1# - MENCIÓN DE SERIE |
| Mención de serie |
Normas nacionales / SESPAS ; |
| Designación de volumen o secuencia |
24 |
| 504 ## - NOTA DE BIBLIOGRAFÍA, ETC. |
| Nota de bibliografía, etc. |
Bibliografía : p. 93-97 |
| 505 ## - NOTA DE CONTENIDO CON FORMATO |
| Nota de contenido con formato |
Presentación-- |
| Información miscelánea |
Introducción.-- |
| -- |
Marco conceptual.-- |
| Título |
1. Objetivo y campo de aplicación.-- |
| -- |
2. Base legal.-- |
| -- |
3. Definiciones.-- |
| -- |
4. Modelo de atención integral para el abordaje de la violencia intrafamiliar y violencia contra la mujer.-- |
| -- |
5. Sistema de referencia y contrareferencia.-- |
| -- |
6. Conformación y organización de las redes de atención y prevención de la VIFM.-- |
| -- |
7. Recursos humanos en salud y los espacios de desempeño.-- |
| -- |
8. Sistema de información.-- |
| -- |
9. Bibliografía.-- |
| -- |
10. Anexos.-- |
| -- |
11. Instrumentos. |
| 590 ## - NOTA LOCAL (RLIN) |
| Nota local |
Inventariado, 2021/MFF |
| 650 #0 - PUNTO DE ACCESO ADICIONAL DE MATERIA--TÉRMINO DE MATERIA |
| Término de materia o nombre geográfico como elemento de entrada |
Atención primaria de salud |
| Subdivisión general |
Legislación |
| Subdivisión geográfica |
República Dominicana |
| 9 (RLIN) |
20167 |
| 650 #0 - PUNTO DE ACCESO ADICIONAL DE MATERIA--TÉRMINO DE MATERIA |
| Término de materia o nombre geográfico como elemento de entrada |
VIOLENCIA CONTRA LA MUJER |
| Subdivisión geográfica |
República Dominicana |
| 9 (RLIN) |
38242 |
| 830 #0 - PUNTO DE ACCESO ADICIONAL DE SERIE-TÍTULO UNIFORME |
| Título uniforme |
Normas nacionales ; |
| Número de parte o sección de la obra |
24 |
| 9 (RLIN) |
78647 |
| 910 ## - DATOS DE OPCIÓN DEL USUARIO (OCLC) |
| Datos de opción del usuario |
Validado. Control de calidad MFF |
| 942 ## - ELEMENTOS DE PUNTO DE ACCESO ADICIONAL (KOHA) |
| Fuente del sistema de clasificación o colocación |
Dewey Decimal Classification |
| Tipo de ítem Koha |
Libro |